000
00266nam a22001097a 4500
008
170113b xxu||||| |||| 00| 0 eng d
020
_a
9780323016322
041
_a
eng
080
_2
3RD
_a
618.2
245
_a
LEADING AND MANAGING IN NURSING
_c
WISE, P.S
942
_2
udc
_c
BK
999
_c
2894
_d
2894